| 000 | 00775nam a22002177a 4500 | ||
|---|---|---|---|
| 005 | 20250107170351.0 | ||
| 010 | _aENG-143200 | ||
| 020 |
_c350.00 _a9780071117302 |
||
| 035 | _aEN-126732 | ||
| 037 | _bDBAD | ||
| 082 | _a616.075 | ||
| 245 |
_aCurrent Medical Diagnosis and Treatment/ _cEdited by Lawrence M. Tierney; Stephen J. Mcphee [and] Maxine A. Papadakis |
||
| 250 | _a1 | ||
| 260 |
_aChennai _bMcGraw Hill Education Private Ltd _c2005 |
||
| 270 |
_aAnjana Complex, No. 5/90A, Butt Road, St Thomas Mount _bChennai _e600016 |
||
| 300 |
_a1887p. _c25cm(pb) |
||
| 700 |
_aTierney, Lawrence M. _eEditor _976047 |
||
| 700 |
_aMcphee, Stephen J. _eEditor _976048 |
||
| 700 |
_aPapadakis, Maxine A. _eEditor _976049 |
||
| 942 |
_2ddc _cEN _mCUR _h616.075 |
||
| 999 |
_c208167 _d208167 |
||